Melanie Martinez - Battle of the Larynx Lyrics - Statistics

General Stats
  • This quiz has been taken 161 times
  • The average score is 194 of 328
Answer Stats
Answer % Correct
I
99%
a
97%
the
96%
The
96%
You
89%
you
89%
to
86%
as
82%
battle
82%
my
82%
My
82%
fall
81%
arcade
80%
asleep
80%
in
80%
Falling
74%
your
74%
Your
74%
With
73%
with
73%
me
68%
And
66%
and
66%
be
66%
larynx
66%
they
66%
They
66%
Don't
65%
teeth
65%
I'll
64%
jump
64%
I'm
62%
im
62%
selfish
62%
tongue
62%
all
61%
baby
61%
tonight
61%
it
58%
won
58%
quick
57%
speak
57%
stupid
57%
cursive
55%
for
55%
game
55%
jumps
55%
Liquor
55%
off
55%
used
55%
while
54%
While
54%
words
54%
talk
51%
bar
50%
How
50%
at
49%
on
49%
musical
47%
assertive
46%
chase
46%
they're
46%
bark
45%
chairs
45%
feet
45%
if
45%
line
45%
without
45%
before
43%
cross
42%
saddle
42%
smile
42%
There's
42%
thinking
42%
yell
42%
But
41%
dull
41%
are
39%
Blew
39%
chasing
39%
round
39%
silent
39%
shaking
38%
So
38%
that
38%
til
38%
poignant
36%
pacing
35%
Poke
34%
steady
34%
wreck
32%
floor
30%
hit
30%
syllables
24%
daddy
20%
never
18%
could
16%
crude
15%
tell
15%
give
14%
They'll
14%
they'll
14%
you've
14%
validation
12%
bestow
11%
bloody
11%
Call
11%
dive
9%
guys
8%
No matching quizzes found
Score Distribution
Percent of People with Each Score
Percentile by Number Answered
Your Score History
You have not taken this quiz